Statistics for Most Common English Word Starting with Each Letter

Click here to take the quiz!

General Stats

  • This quiz has been taken 172 times
  • The average score is 14 of 26

Answer Stats

LetterWord% Correct
Bbe
92%
Aand
90%
Hhe
90%
Ddo
89%
Ggo
88%
Ccan
86%
Iin
85%
Ffor
83%
Tthe
82%
Yyou
71%
Nnot
64%
Oof
63%
Jjust
53%
Uup
49%
Llike
44%
Eeach
36%
Kknow
35%
Vvery
35%
Wwas
33%
Ssome
31%
Rright
26%
Qquestion
24%
Zzero
19%
Mmany
16%
Ppeople
16%
Xxenophobia
4%

Score Distribution

Percentile by Number Answered

Percent of People with Each Score

Your Score History

You have not taken this quiz